Haydn
Sábháilte in:
| Príomhchruthaitheoir: | |
|---|---|
| Formáid: | LEABHAR |
| Teanga: | Spáinnis |
| Foilsithe / Cruthaithe: |
La Plata
Calomino
1944
|
| Ábhair: | |
| Clibeanna: |
Cuir clib leis
Níl clibeanna ann, Bí ar an gcéad duine le clib a chur leis an taifead seo!
|
MARC
| LEADER | 00000nam a2200000 a 4500 | ||
|---|---|---|---|
| 001 | UCN1669 | ||
| 003 | CL-VaPUC | ||
| 008 | 010427e19440000AG |||||||||||||||||spa|d | ||
| 082 | 0 | 4 | |a 780.92 |b AGU |2 21 |
| 100 | 0 | |a Agüero, P |e author |9 456925 | |
| 245 | 1 | 0 | |a Haydn |
| 300 | |a 171 p | ||
| 942 | |c BK | ||
| 945 | |d 20010427 00:00:00 |a crobeson | ||
| 260 | |a La Plata |b Calomino |c 1944 | ||
| 600 | 0 | |a Haydn, Franz Joseph |9 306580 | |
| 650 | 7 | |a COMPOSITORES AUSTRIACOS |2 CL-VaPUC |9 456926 | |
| 650 | 7 | |a CLASICISMO |2 CL-VaPUC |9 268682 | |
| 583 | |a last modification |c 20010427 00:00:00 |k Rodrigo Vera | ||
| 999 | |c 294920 |d 294918 | ||